000 00300nam a2200133Ia 4500
008 150201s2012 xx 000 0 und d
082 _a610.73
_bF12T
100 _aTNAI
245 _aFUNDAMENTAL OF NURSING
260 _bTNAI
_aINDIA
_c2012
300 _a700
650 _aNURSING
942 _2ddc
_cBK
_03
999 _c2205
_d2205